Report of the committee on relief from rural and urban indebtedness (Record no. 489922)

000 -LEADER
fixed length control field 00579cam a22001457a 4500
008 - FIXED-LENGTH DATA ELEMENTS--GENERAL INFORMATION
fixed length control field 180718b1975 xxu||||| |||| 00| 0 eng d
082 ## - DEWEY DECIMAL CLASSIFICATION NUMBER
Classification number XA94x5442
100 ## - MAIN ENTRY--PERSONAL NAME
Personal name Bombay. Committee on Relief from Rural and Urban Indebtedness
245 ## - TITLE STATEMENT
Title Report of the committee on relief from rural and urban indebtedness
Statement of responsibility, etc. by Agriculture and Co-operation Department, Bombay
260 ## - PUBLICATION, DISTRIBUTION, ETC.
Place of publication, distribution, etc. Bombay
Name of publisher, distributor, etc. Agriculture and Co-operation Department
Date of publication, distribution, etc. 1975
300 ## - PHYSICAL DESCRIPTION
Extent 81+p.
500 ## - GENERAL NOTE
General note Chairman: V.S. Page
700 ## - ADDED ENTRY--PERSONAL NAME
Personal name Bombay. Agriculture and Co-operation Department
700 ## - ADDED ENTRY--PERSONAL NAME
Personal name Page, V.S. (Chairman)
Holdings
Withdrawn status Lost status Damaged status Not for loan Permanent Location Current Location Date acquired Full call number Barcode Date last seen Price effective from Koha item type
        Indian Institute of Public Administration Indian Institute of Public Administration 2018-08-04 XA94x5442 GG15739 2018-08-04 2018-08-04 GG

Powered by Koha